Running for cover (Record no. 75477)
[ view plain ]
| 000 -LEADER | |
|---|---|
| fixed length control field | 00887cab a2200181 4500 |
| 001 - CONTROL NUMBER | |
| control field | L130164 |
| 008 - FIXED-LENGTH DATA ELEMENTS--GENERAL INFORMATION | |
| fixed length control field | 050629n2005 000 0 eng u |
| 035 ## - SYSTEM CONTROL NUMBER | |
| System control number | (Sirsi) u130164 |
| 041 ## - LANGUAGE CODE | |
| Language code of text/sound track or separate title | eng |
| 100 ## - MAIN ENTRY--PERSONAL NAME | |
| Personal name | Fletcher, Jon |
| 245 ## - TITLE STATEMENT | |
| Title | Running for cover |
| 260 ## - PUBLICATION, DISTRIBUTION, ETC. | |
| Date of publication, distribution, etc. | 2005 |
| 490 ## - SERIES STATEMENT | |
| Series statement | QS Week |
| Volume/sequential designation | (9) 22 June 2005, 10-11(2) |
| 520 ## - SUMMARY, ETC. | |
| Summary, etc. | Discusses the benefits of self-insurance over professional indemnity for cheaper premiums. Mentions that some QSs are now considering following certain architect firms who set up a closed assurance system after a period of high premiums 30 years ago. The RIBA Insurance Agency was set up for this purpose and now covers a third of RIBA registered practices and it is aimed at firms with an annual income under £35 000. |
| 590 ## - LOCAL NOTE (RLIN) | |
| Local note | IKA040705 |
| 690 ## - LOCAL SUBJECT ADDED ENTRY--TOPICAL TERM (OCLC, RLIN) | |
| Topical term or geographic name as entry element | MANAGEMENT-BUSINESS MANAGEMENT-INSURANCE-PROFESSIONAL INDEMNITY INSURANCE |
| 942 ## - ADDED ENTRY ELEMENTS (KOHA) | |
| Suppress in OPAC | 0 |
| Withdrawn status | Lost status | Source of classification or shelving scheme | Damaged status | Not for loan | Home library | Current library | Shelving location | Date acquired | Total Checkouts | Full call number | Barcode | Date last seen | Copy number | Price effective from | Koha item type |
|---|---|---|---|---|---|---|---|---|---|---|---|---|---|---|---|
| Dewey Decimal Classification | London | London | Journal article | 29/06/2005 | L130164 | 130164-1001 | 06/08/2019 | 1 | 06/08/2019 | Journal article |